00290pam a2200109 a 4500020000500000041000800005082001300013100002800026245006700054260004300121300001600164 c aeng a050bKRA aKramer J Ed ,eAuthor . aSoftware Engineering , Vol - 32 , JAn Feb 2007hBound Volumes a[s.l]:bIEEE Computer Society ,c2007. a28*20:bHB.